| 000 | 00543nam a22001577a 4500 | ||
|---|---|---|---|
| 003 | NUST | ||
| 038 | _aNusrat Nadeem | ||
| 082 | _a200 | ||
| 100 |
_aSalahuddin, Hasan _9132710 |
||
| 245 |
_aExploring the Sustainability of Eco-Cultural Tourism: Perspectives of Locals in Hunza Valley, Pakistan/ _cHasan Salahuddin, |
||
| 264 |
_aIslamabad: _bS3H NUST. _c2025. |
||
| 650 |
_aMS-Development Studies _9123041 |
||
| 700 |
_aSupervisor:Dr. Usman Khan _9112635 |
||
| 856 | _u http://10.250.8.41:8080/xmlui/handle/123456789/57126 | ||
| 942 |
_2ddc _cSC |
||
| 999 |
_c615772 _d615772 |
||